<?xml version="1.0" encoding="UTF-8"?>
<record
    xmlns:xsi="http://www.w3.org/2001/XMLSchema-instance"
    xsi:schemaLocation="http://www.loc.gov/MARC21/slim http://www.loc.gov/standards/marcxml/schema/MARC21slim.xsd"
    xmlns="http://www.loc.gov/MARC21/slim">

  <leader>01805cam a2200385Ia 4500</leader>
  <controlfield tag="001">10521169</controlfield>
  <controlfield tag="005">20220326193305.0</controlfield>
  <controlfield tag="008">130321s2011    cr       b    000 0 spa d</controlfield>
  <datafield tag="020" ind1=" " ind2=" ">
    <subfield code="a">9968474614</subfield>
  </datafield>
  <datafield tag="020" ind1=" " ind2=" ">
    <subfield code="a">9789968474610</subfield>
  </datafield>
  <datafield tag="035" ind1=" " ind2=" ">
    <subfield code="a">(OCoLC)ocn830634804</subfield>
  </datafield>
  <datafield tag="035" ind1=" " ind2=" ">
    <subfield code="a">(OCoLC)830634804</subfield>
    <subfield code="z">(OCoLC)829991632</subfield>
  </datafield>
  <datafield tag="035" ind1=" " ind2=" ">
    <subfield code="a">(NNC)10521169</subfield>
  </datafield>
  <datafield tag="040" ind1=" " ind2=" ">
    <subfield code="a">AUM</subfield>
    <subfield code="b">eng</subfield>
    <subfield code="c">AUM</subfield>
    <subfield code="d">IXA</subfield>
    <subfield code="d">STF</subfield>
    <subfield code="d">OCLCO</subfield>
  </datafield>
  <datafield tag="082" ind1=" " ind2=" ">
    <subfield code="a">190</subfield>
    <subfield code="b">Z841o</subfield>
  </datafield>
  <datafield tag="090" ind1=" " ind2=" ">
    <subfield code="a">PQ7539.2.D3</subfield>
    <subfield code="b">Z83 2011</subfield>
  </datafield>
  <datafield tag="100" ind1=" " ind2=" ">
    <subfield code="a">Mario Z&#xFA;&#xF1;iga N&#xFA;&#xF1;ez, Camilo Retana, Roberto Herrera ; editor, Camilo Retana.</subfield>
    <subfield code="9">1706</subfield>
  </datafield>
  <datafield tag="110" ind1=" " ind2=" ">
    <subfield code="a"> Editorial Arlekin</subfield>
    <subfield code="9">1707</subfield>
  </datafield>
  <datafield tag="245" ind1="0" ind2="0">
    <subfield code="a">Otros que levantan la mano :</subfield>
    <subfield code="b">tres ensayos sobre Roque Dalton /</subfield>
    <subfield code="c">Mario Z&#xFA;&#xF1;iga N&#xFA;&#xF1;ez, Camilo Retana, Roberto Herrera ; editor, Camilo Retana.</subfield>
  </datafield>
  <datafield tag="250" ind1=" " ind2=" ">
    <subfield code="a">1. ed.</subfield>
  </datafield>
  <datafield tag="260" ind1=" " ind2=" ">
    <subfield code="a">San Jos&#xE9;, Costa Rica :</subfield>
    <subfield code="b">Editorial Arlek&#xED;n,</subfield>
    <subfield code="c">2011.</subfield>
  </datafield>
  <datafield tag="300" ind1=" " ind2=" ">
    <subfield code="a">86 p. ;</subfield>
    <subfield code="c">21 cm.</subfield>
  </datafield>
  <datafield tag="490" ind1="1" ind2=" ">
    <subfield code="a">Colecci&#xF3;n aut&#xE9;nticos ap&#xF3;crifos</subfield>
  </datafield>
  <datafield tag="504" ind1=" " ind2=" ">
    <subfield code="a">Includes bibliographical references.</subfield>
  </datafield>
  <datafield tag="505" ind1="0" ind2=" ">
    <subfield code="a">"Pensar a solas duele" -- Para re&#xED;r de humanidad (acerca de las instituciones en cuatro escritos de Roque Dalton / Mario Z&#xFA;&#xF1;iga N&#xFA;&#xF1;ez -- El Carlos Marx de Roque Dalton (o sobre el Marx responsable "de la felicidad que sigue caminando" / Camilo Retana -- La herida colonial y la cultura revolucionaria: leer a Roque Dalton / Roberto Herrera -- Sobre los autores.</subfield>
  </datafield>
  <datafield tag="600" ind1="1" ind2="0">
    <subfield code="a">Dalton, Roque,</subfield>
    <subfield code="d">1935-1975</subfield>
    <subfield code="x">Criticism and interpretation.</subfield>
    <subfield code="9">1708</subfield>
  </datafield>
  <datafield tag="600" ind1="1" ind2="0">
    <subfield code="a">Marx, Karl,</subfield>
    <subfield code="d">1818-1883.</subfield>
    <subfield code="9">1709</subfield>
  </datafield>
  <datafield tag="653" ind1=" " ind2=" ">
    <subfield code="a">Authors</subfield>
    <subfield code="a">El Salvador</subfield>
    <subfield code="a">20th century</subfield>
    <subfield code="a">Criticism</subfield>
    <subfield code="a">Interpretation</subfield>
  </datafield>
  <datafield tag="700" ind1="1" ind2=" ">
    <subfield code="a">Z&#xFA;&#xF1;iga N&#xFA;&#xF1;ez, Mario,</subfield>
    <subfield code="d">1979-</subfield>
    <subfield code="9">1710</subfield>
  </datafield>
  <datafield tag="700" ind1="1" ind2=" ">
    <subfield code="a">Retana, Camilo.</subfield>
    <subfield code="9">1711</subfield>
  </datafield>
  <datafield tag="700" ind1="1" ind2=" ">
    <subfield code="a">Herrera, Roberto.</subfield>
    <subfield code="9">1712</subfield>
  </datafield>
  <datafield tag="830" ind1=" " ind2="0">
    <subfield code="a">Colecci&#xF3;n aut&#xE9;nticos ap&#xF3;crifos.</subfield>
    <subfield code="9">1713</subfield>
  </datafield>
  <datafield tag="948" ind1="1" ind2=" ">
    <subfield code="a">20131029</subfield>
    <subfield code="b">c</subfield>
    <subfield code="c">dc21</subfield>
    <subfield code="d">MPS</subfield>
  </datafield>
  <datafield tag="999" ind1=" " ind2=" ">
    <subfield code="c">360</subfield>
    <subfield code="d">360</subfield>
  </datafield>
  <datafield tag="952" ind1=" " ind2=" ">
    <subfield code="0">0</subfield>
    <subfield code="1">0</subfield>
    <subfield code="2">ddc</subfield>
    <subfield code="4">0</subfield>
    <subfield code="7">0</subfield>
    <subfield code="a">LV</subfield>
    <subfield code="b">LV</subfield>
    <subfield code="c">Pensamiento</subfield>
    <subfield code="d">2014-11-21</subfield>
    <subfield code="l">0</subfield>
    <subfield code="o">190 Z841o</subfield>
    <subfield code="p">000552</subfield>
    <subfield code="r">2014-11-21 00:00:00</subfield>
    <subfield code="w">2014-11-21</subfield>
    <subfield code="y">01</subfield>
  </datafield>
</record>
